000 00475nam a2200133 a 4500
008 120416s9999 ||||||||||||||||| || u
050 _aTHESIS
100 _aVinya, Royd
245 1 0 _aPotential role of agroforestry under joint management in Zambia
246 _aa case study of Myafi in Mkushi District
260 _a2003
350 _a0.00
995 _D0.00
_FCBU-MAIN LIBRARY (Kitwe)
_H1
_I0.00
_UAVAILABLE
_ZUniversity Collection
999 _c54084
_d54084